Bezpečnosť fotovoltických elektrární
Dôsledok procesu výstavby a prevádzkovania fotovoltických energetických zdrojov. Zabezpečenie fyzickej a objektovej bezpečnosti areálov fotovoltických elektrární. Nárast výroby elektrickej energie pomocou alternatívnych zdrojov.
Salvato in:
| Autore principale: | |
|---|---|
| Natura: | Capitolo di libro |
| Lingua: | slovacco |
| Soggetti: | |
| Tags: |
Nessun Tag, puoi essere il primo ad aggiungerne!!
|
MARC
| LEADER | 00000naa a2200000 4500 | ||
|---|---|---|---|
| 001 | 0172120 | ||
| 005 | 20251204124013.5 | ||
| 041 | 0 | |a slo | |
| 044 | |a SK | ||
| 245 | 1 | 0 | |a Bezpečnosť fotovoltických elektrární |c Jaroslav Sivák |
| 520 | |a Dôsledok procesu výstavby a prevádzkovania fotovoltických energetických zdrojov. Zabezpečenie fyzickej a objektovej bezpečnosti areálov fotovoltických elektrární. Nárast výroby elektrickej energie pomocou alternatívnych zdrojov. | ||
| 610 | 2 | 0 | |a energetika |
| 610 | 2 | 0 | |a elektrárne |
| 610 | 2 | 0 | |a výroba energie |
| 610 | 2 | 0 | |a zdroje energie alternatívne |
| 610 | 2 | 0 | |a bezpečnosť energetická |
| 610 | 2 | 0 | |a fotovoltaika |
| 100 | 1 | |a Sivák, Jaroslav | |